US States by Population-1950 - Statistics

General Stats
  • This quiz has been taken 478 times
  • The average score is 25 of 48
Answer Stats
Population State % Correct
10,586,223 California
99%
14,830,192 New York
99%
10,498,012 Pennsylvania
90%
8,712,176 Illinois
89%
7,711,194 Texas
89%
7,946,627 Ohio
88%
6,371,766 Michigan
81%
4,690,514 Massachusetts
73%
4,835,329 New Jersey
73%
4,061,929 North Carolina
66%
3,444,578 Georgia
63%
3,934,224 Indiana
63%
3,318,680 Virginia
63%
3,954,653 Missouri
61%
3,291,718 Tennessee
56%
3,434,575 Wisconsin
55%
2,771,305 Florida
54%
290,529 Wyoming
53%
2,944,806 Kentucky
47%
2,343,001 Maryland
47%
2,982,483 Minnesota
47%
160,083 Nevada
47%
3,061,743 Alabama
46%
2,621,073 Iowa
46%
377,747 Vermont
46%
318,085 Delaware
43%
2,683,516 Louisiana
41%
619,636 North Dakota
41%
588,637 Idaho
40%
533,242 New Hampshire
40%
652,740 South Dakota
40%
913,774 Maine
39%
591,024 Montana
39%
2,117,027 South Carolina
39%
1,325,089 Colorado
38%
1,521,341 Oregon
38%
2,378,963 Washington
38%
2,007,280 Connecticut
37%
1,905,299 Kansas
37%
2,233,351 Oklahoma
37%
2,178,914 Mississippi
36%
791,896 Rhode Island
36%
688,862 Utah
35%
749,587 Arizona
34%
1,909,511 Arkansas
34%
681,187 New Mexico
34%
1,325,510 Nebraska
32%
2,005,552 West Virginia
31%
No matching quizzes found
Score Distribution
Percent of People with Each Score
Percentile by Number Answered
Your Score History
You have not taken this quiz